000 01062cam a2200337 i 4500
003 EG-GICUC
005 20260215123113.0
008 940421s1994 maua frb 001 0 eng d
020 _a0316551570
020 _a9780316551571
040 _aNNLS
_cNNLS
_dDLC
_dEG-GICUC
_beng
_erda
043 _an-us---
050 0 0 _aKF3817
_b.M46 1994
082 0 0 _a341.441
_221
092 0 4 _221
099 _aLaw 11 1994
100 1 _aMenell, Peter Seth.
245 1 0 _aEnvironmental law and policy /
_cPeter S. Menell, Richard B. Stewart.
264 _aBoston :
_bLittle, Brown,
_c1994.
300 _axxxiv, 1234 page :
_billustrations ;
_c25 cm.
336 _atext
_2rdacontent
337 _aComputer
_2rdamedia
338 _aOnline Resource
_2rdacarrier
440 0 _aLaw school casebook series
504 _aIncludes bibliographical references and index.
650 0 _aEnvironmental law
_zUnited States
_vCases.
700 1 _aStewart, Richard B.
856 4 0 _uhttps://fll.law.cu.edu.eg/fulltext/bks/ENGB11-00139.pdf
905 _a10
942 _2ddc
_cBK
_e21
_n0
999 _c63160
_d63160